00145nam a2200061Ia 4500008004100000100002100041245002100062120527s9999 xx 000 0 und d aAlbanese, S. Jay aCriminal justice